000 00839nam a2200241Ia 4500
003 OSt
005 20221005103340.0
006 a|||||r|||| 00| 0
007 ta
008 221004b |||||||| |||| 00| 0 hin d
024 _a23573
037 _cTextual
040 _aCRL
_cCRL
_bhin
041 _2hin
_ahin
082 _aV2y7M97, N1.1
100 _aशर्मा, दिनेश, संपा.
245 0 _aरामप्रसाद विस्मिल रचनावली
246 _aRāmaprasād vismil rachanāvalī
260 _aछमू
_bक्मसीप ैंदकंतइी च्तंांेींद प्दकपं
_c1991
300 _a204चण्
_ccm.
942 _hV2y7M97, N1.1
_cTEXL
_2cc
999 _c1009908
_d1009908